US States with the Most Wooden Roller Coasters - Statistics

General Stats
  • This quiz has been taken 129 times
  • The average score is 3 of 11
Answer Stats
Hint Answer % Correct
16 Pennsylvania
90%
8 Ohio
70%
6 California
37%
7 Missouri
37%
7 New York
29%
6 Indiana
24%
4 Texas
19%
6 Wisconsin
13%
4 Illinois
12%
4 Virginia
11%
4 Iowa
7%
No matching quizzes found
Score Distribution
Percent of People with Each Score
Percentile by Number Answered
Your Score History
You have not taken this quiz